| 000 | 00624nam a22001937a 4500 | ||
|---|---|---|---|
| 003 | 0 | ||
| 005 | 20230814130021.0 | ||
| 008 | 230814b xxu||||| |||| 00| 0 eng d | ||
| 020 | _a978-971-9655-05-3 | ||
| 050 |
_aQA 76.9 _b.R48 2023 |
||
| 100 | _aRevano, Teodoro F., Jr. | ||
| 245 |
_aIntroduction to human computer interaction _cTeodoro F. Revano Jr. |
||
| 260 |
_aManila _bMindshapers Co., Inc. _cc2023. |
||
| 300 |
_aviii, 344 pages : _bill. ; _c26 cm. |
||
| 500 | _aHuman -- computer interaction. | ||
| 504 | _aIncludes bibliographical references. | ||
| 650 | _aHuman--computer interaction. | ||
| 942 |
_2lcc _cBK |
||
| 999 |
_c365154 _d365154 |
||